000 00428nam a2200181Ia 4500
001 13665
005 20260306164817.0
008 260306t2007||||xx |||||||||||||| ||spa||
041 _aESP
082 _a005.1
_bZ82
100 _aZiviani, Nivio
_eAUT
245 0 _aDiseƱo de algoritmos con implementaciones en pascal y C
260 _c2007
300 _a
_c
650 _aGEN
654 _aCCC
942 _cLIB
_dJUS
_fJUS
_2ddc
_n
999 _c13665
_d13665